000 00865nam a22002297a 4500
999 _c510
_d510
003 AR-CdUCM
008 190223b ||||| |||| 00| 0 spa d
040 _aMUNICIPALIDAD PROVINCIAL DEL CUSCO
_cBIBLIOTECA MUNICIPAL DEL CUSCO
082 _a129.33 /
_bL72
100 _aLlambías de Azevedo, Juan
_91980
245 _aMax Scheler :
_bexposición sistemática y evolutiva de su filosofía con algunas críticas y anticríticas /
260 _aBuenos Aires :
_bEdit. Nova,
_c1966.
300 _a495 páginas ;
_c21 cm.
505 _aEsquema biográfico -- Personalidad -- Carácter de la obra -- La actitud y los hechos fenomenológicos -- Esencias a priori...
650 _aFilosofía
_9395
650 _aBibliografía
_91484
650 _aTesis
_91981
650 _aSociología
_9276
650 _aCritica
_9666
942 _2ddc
_cLIBROS
945 _admma
_d2019-02-23